|
|
|
|
| LEADER |
00000nam0a2200000 4500 |
| 001 |
339894 |
| 005 |
20231102005203.0 |
| 010 |
|
|
|a 5120019064
|
| 020 |
|
|
|a RU
|b 91-32629
|
| 035 |
|
|
|a (RuTPU)RU\TPU\book\366438
|
| 035 |
|
|
|a RU\TPU\book\154815
|
| 090 |
|
|
|a 339894
|
| 100 |
|
|
|a 20180202d1988 k y0rusy5003 ca
|
| 101 |
0 |
|
|a rus
|
| 102 |
|
|
|a UA
|
| 105 |
|
|
|a a z 001zy
|
| 200 |
1 |
|
|a Водообмен в гидрогеологических структурах Украины. Методы изучения водообмена
|f Академия наук Украинской ССР (АН УССР), Институт геологических наук (ИГН) ; гл. ред. В. М. Шестопалов
|
| 210 |
|
|
|a Киев
|c Наукова думка
|d 1988
|
| 215 |
|
|
|a 267 с.
|c ил.
|
| 320 |
|
|
|a Библиогр.: с. 257-265
|
| 606 |
1 |
|
|a Воды подземные
|x Динамика
|2 stltpush
|3 (RuTPU)RU\TPU\subj\3163
|9 31617
|
| 610 |
1 |
|
|a методы
|
| 610 |
1 |
|
|a водообмен
|
| 610 |
1 |
|
|a гидрогеологические структуры
|
| 610 |
1 |
|
|a Украина
|
| 610 |
1 |
|
|a гидродинамика
|
| 610 |
1 |
|
|a натурное моделирование
|
| 610 |
1 |
|
|a гидрохимические методы
|
| 610 |
1 |
|
|a радиоактивные изотопы
|
| 610 |
1 |
|
|a геотермический метод
|
| 675 |
|
|
|a 556.34
|v 3
|
| 702 |
|
1 |
|a Шестопалов
|b В. М.
|g Вячеслав Михайлович
|4 340
|
| 712 |
0 |
2 |
|a Академия наук Украинской ССР (АН УССР)
|b Институт геологических наук (ИГН)
|2 stltpush
|3 (RuTPU)RU\TPU\col\12890
|
| 801 |
|
0 |
|a RU
|b 63413507
|c 19960705
|g psbo
|
| 801 |
|
1 |
|a RU
|b 63413507
|c 20080912
|g PSBO
|
| 801 |
|
2 |
|a RU
|b 63413507
|c 20180213
|g PSBO
|
| 942 |
|
|
|c BK
|